skbl

Dr Suryya Kumar Bhuyan Library Web-OPAC
ডঃ সূৰ্য্য
কুমাৰ ভূঞা পুথিভঁৰাল ৱেব-অ'পেক

All Research Scholars are advised to clear the annual library fees to continue using Library Resources, Remote Access, Plagiarism Test and Library Clearance.

Cotton University Book Fair 2026

Let us c (Record no. 65982)

MARC details
000 -LEADER
fixed length control field 00423nam a2200157Ia 4500
001 - CONTROL NUMBER
control field 64882
008 - FIXED-LENGTH DATA ELEMENTS--GENERAL INFORMATION
fixed length control field 220426n2019 ii |||gr||||Z||||||465
020 ## - INTERNATIONAL STANDARD BOOK NUMBER
International Standard Book Number 9789389845686
082 ## - DEWEY DECIMAL CLASSIFICATION NUMBER
Classification number 005.133
100 ## - MAIN ENTRY--PERSONAL NAME
Personal name Kanetkar, Yashavant.,
Relator term Author.,
245 #0 - TITLE STATEMENT
Title Let us c
Statement of responsibility, etc. Yashavant Kanetkar
Medium Textual Documents
260 ## - PUBLICATION, DISTRIBUTION, ETC.
Place of publication, distribution, etc. New Delhi
Name of publisher, distributor, etc. BPB Publications
Date of publication, distribution, etc. 2019
300 ## - PHYSICAL DESCRIPTION
Extent xv, 470p.:
Dimensions 24cm.
653 ## - INDEX TERM--UNCONTROLLED
Uncontrolled term Let us c
942 ## - ADDED ENTRY ELEMENTS (KOHA)
Source of classification or shelving scheme Dewey Decimal Classification
Koha item type Books
Holdings
Withdrawn status Lost status Damaged status Not for loan Collection Home library Current library Shelving location Date acquired Source of acquisition Coded location qualifier Total checkouts Full call number Barcode Date last seen Copy number Price effective from Koha item type Public note
          Dr. Suryya Kumar Bhuyan Library Dr. Suryya Kumar Bhuyan Library   30/10/2021 C 00000   005.133 K13L 2843/cu/coms 14/01/2024 2 30/10/2021 Books C
          Dr. Suryya Kumar Bhuyan Library Dr. Suryya Kumar Bhuyan Library   30/10/2021 C 00000   005.133 K13L 2842/CU/COMS 14/01/2024 1 30/10/2021 Books C

Designed and Maintained by Team SKBL
©1901-2026

Powered by Koha